Statistics for Antigua and Barbuda First Level Subdivisions

Click here to take the quiz!

General Stats

  • This quiz has been taken 28 times
  • The average score is 6 of 8

Answer Stats

Parishes% Correct
Barbuda
90%
Saint John
90%
Saint George
81%
Saint Mary
76%
Saint Paul
76%
Saint Peter
76%
Saint Philip
57%
Redonda
48%

Score Distribution

Percentile by Number Answered

Percent of People with Each Score

Your Score History

You have not taken this quiz